All Administrative Divisions of Countries Pt. 6 - Statistics

General Stats
  • This quiz has been taken 12 times
  • The average score is 96 of 499
Answer Stats
Country Answer % Correct
Russia Moscow
75%
Russia Saint Petersburg
75%
Russia Crimea
67%
Rwanda | Sierra Leone Eastern
67%
Saint Kitts and Nevis Nevis
67%
Rwanda | Sierra Leone Northern
67%
Saudi Arabia Riyadh
67%
Saint Kitts and Nevis Saint Kitts
67%
Rwanda | Sierra Leone Southern
67%
Russia Adygea
58%
Russia Altai
58%
Russia Amur
58%
Russia Arkhangelsk
58%
Russia Astrakhan
58%
Russia Ivanovo
58%
Russia Jewish Autonomous Oblast
58%
Russia Krasnodar
58%
Russia Krasnoyarsk
58%
Russia Kursk
58%
Russia Murmansk
58%
Russia Nizhny Novgorod
58%
Russia Novosibirsk
58%
Russia Oryol
58%
Russia Perm
58%
Russia Pskov
58%
Russia Rostov
58%
Russia Samara
58%
Russia Saratov
58%
South Korea Seoul
58%
Russia Tomsk
58%
Russia Volgograd
58%
Rwanda | Sierra Leone | Solomon Islands Western
58%
Russia Yaroslavl
58%
Russia Bashkortostan
50%
Russia Belgorod
50%
Russia Bryansk
50%
South Korea Busan
50%
Solomon Islands Central
50%
Russia Chelyabinsk
50%
Russia Chukotka
50%
Russia Chuvash
50%
Russia Dagestan
50%
Russia Ingushetia
50%
Russia Irkutsk
50%
Russia Kabardino-Balkar
50%
Russia Kaliningrad
50%
Russia Kalmykia
50%
Russia Kaluga
50%
Russia Kamchatka
50%
Russia Karachay-Cherkess
50%
Russia Karelia
50%
Russia Kemerovo
50%
Russia Khabarovsk
50%
Russia Khakassia
50%
Russia Kirov
50%
Russia Komi
50%
Russia Kostroma
50%
Russia Leningrad
50%
Russia Lipetsk
50%
Slovenia Ljubljana
50%
Russia Magadan
50%
Russia Mari El
50%
Russia Mordovia
50%
Russia Nenets
50%
Russia North Ossetia-Alania
50%
Sierra Leone | Singapore | South Africa North West
50%
Russia Novgorod
50%
Russia Omsk
50%
Russia Orenburg
50%
Russia Penza
50%
Russia Primorsky
50%
Russia Ryazan
50%
Russia Sakha
50%
Russia Sakhalin
50%
Russia Sevastopol
50%
Russia Smolensk
50%
Singapore South West
50%
Russia Stavropol
50%
Russia Sverdlovsk
50%
Russia Tambov
50%
Russia Tatarstan
50%
Russia Tula
50%
Russia Tuva
50%
Russia Tver
50%
Russia Tyumen
50%
Russia Udmurt
50%
Russia Ulyanovsk
50%
Russia Vladimir
50%
Russia Vologda
50%
Russia Voronezh
50%
Russia Zabaykalsky
50%
Serbia Bor
42%
Slovakia Bratislava
42%
Russia Buryatia
42%
Russia Chechen
42%
South Korea Daegu
42%
Senegal Dakar
42%
Saint Vincent and the Grenadines Grenadines
42%
South Korea Jeju
42%
Russia Khanty-Mansi
42%
Rwanda Kigali
42%
Russia Kurgan
42%
São Tomé and Príncipe Príncipe
42%
Singapore South East
42%
Russia Yamalo-Nenets
42%
Saint Lucia Castries
33%
South Africa Free State
33%
South Korea Gwangju
33%
South Korea Incheon
33%
Slovenia Koper
33%
Slovakia Košice
33%
Slovenia Maribor
33%
Saint Vincent and the Grenadines Saint George
33%
San Marino Acquaviva
25%
Saudi Arabia 'Asir
25%
San Marino Borgo Maggiore
25%
Saint Vincent and the Grenadines Charlotte
25%
South Korea Daejeon
25%
South Africa Eastern Cape
25%
South Africa Gauteng
25%
South Africa KwaZulu-Natal
25%
South Africa Limpopo
25%
Saudi Arabia Northern Borders
25%
South Africa Northern Cape
25%
Slovenia Nova Gorica
25%
Slovenia Piran
25%
Saint Vincent and the Grenadines Saint Andrew
25%
Saint Vincent and the Grenadines Saint David
25%
Saint Vincent and the Grenadines Saint Patrick
25%
San Marino Serravalle
25%
South Korea Ulsan
25%
South Africa Western Cape
25%
Samoa A'ana
17%
São Tomé and Príncipe Água Grande
17%
Samoa Aiga-i-le-Tai
17%
Slovenia Ankaran
17%
Saint Lucia Anse la Raye
17%
Samoa Atua
17%
Saudi Arabia Bahah
17%
Slovenia Bled
17%
Serbia Braničevo
17%
São Tomé and Príncipe Cantagalo
17%
São Tomé and Príncipe Caué
17%
Slovenia Celje
17%
Serbia Central Banat
17%
San Marino Chiesanuova
17%
Saint Lucia | Solomon Islands Choiseul
17%
San Marino City of San Marino
17%
Saint Lucia Dauphin
17%
Saint Lucia Dennery
17%
San Marino Domagnano
17%
Saudi Arabia Eastern Province
17%
Samoa Fa'asaleleaga
17%
San Marino Faetano
17%
San Marino Fiorentino
17%
Samoa Gaga'emauga
17%
Samoa Gaga'ifomauga
17%
South Korea Gangwon
17%
Slovenia Grad
17%
Saint Lucia Gros Islet
17%
South Korea Gyeonggi
17%
Saudi Arabia Ha'il
17%
Slovenia Ig
17%
Slovenia Izola
17%
Serbia Jablanica
17%
Saudi Arabia Jawf
17%
Serbia Kolubara
17%
Slovenia Kranj
17%
Saint Lucia Laborie
17%
São Tomé and Príncipe Lembá
17%
São Tomé and Príncipe Lobata
17%
Serbia Mačva
17%
Saudi Arabia Madinah
17%
Saudi Arabia Makkah
17%
São Tomé and Príncipe Mé-Zóchi
17%
Saint Lucia Micoud
17%
San Marino Montegiardino
17%
Serbia Moravica
17%
Russia Moscow Oblast
17%
South Africa Mpumalanga
17%
Saudi Arabia Najran
17%
Serbia Nišava
17%
Slovakia Nitra
17%
Serbia North Bačka
17%
Serbia North Banat
17%
Singapore North East
17%
South Korea North Jeolla
17%
Samoa Palauli
17%
Serbia Pčinja
17%
Serbia Pirot
17%
Serbia Podunavlje
17%
Serbia Pomoravlje
17%
Slovenia Postojna
17%
Saint Lucia Praslin
17%
Slovakia Prešov
17%
Saudi Arabia Qassim
17%
Serbia Rasina
17%
Serbia Raška
17%
Samoa Satupa'itea
17%
South Korea Sejong
17%
Slovenia Sežana
17%
Saint Lucia Soufrière
17%
Serbia South Bačka
17%
Serbia South Banat
17%
South Korea South Jeolla
17%
Serbia Srem
17%
Serbia Šumadija
17%
Saudi Arabia Tabuk
17%
Serbia Toplica
17%
Slovakia Trnava
17%
Samoa Tuamasaga
17%
Samoa Va'a-o-Fonoti
17%
Samoa Vaisigano
17%
Saint Lucia Vieux Fort
17%
Serbia West Bačka
17%
Serbia Zaječar
17%
Senegal Ziguinchor
17%
Slovakia Žilina
17%
Serbia Zlatibor
17%
Slovenia Ajdovščina
8%
Slovenia Apače
8%
Slovakia Banská Bystrica
8%
Slovenia Beltinci
8%
Slovenia Benedikt
8%
Slovenia Bistrica ob Sotli
8%
Slovenia Bloke
8%
Slovenia Bohinj
8%
Slovenia Borovnica
8%
Slovenia Bovec
8%
Slovenia Braslovče
8%
Slovenia Brda
8%
Slovenia Brežice
8%
Slovenia Brezovica
8%
Slovenia Cankova
8%
Slovenia Cerklje na Gorenjskem
8%
Slovenia Cerknica
8%
Slovenia Cerkno
8%
Slovenia Cerkvenjak
8%
Slovenia Cirkulane
8%
Slovenia Črenšovci
8%
Slovenia Črna na Koroškem
8%
Slovenia Črnomelj
8%
Slovenia Destrnik
8%
Senegal Diourbel
8%
Slovenia Divača
8%
Slovenia Dobje
8%
Slovenia Dobrepolje
8%
Slovenia Dobrna
8%
Slovenia Dobrova-Polhov Gradec
8%
Slovenia Dobrovnik
8%
Slovenia Dolenjske Toplice
8%
Slovenia Dol pri Ljubljani
8%
Slovenia Domžale
8%
Slovenia Dornava
8%
Slovenia Dravograd
8%
Slovenia Duplek
8%
Senegal Fatick
8%
Slovenia Gorenja Vas-Poljane
8%
Slovenia Gorišnica
8%
Slovenia Gorje
8%
Slovenia Gornja Radgona
8%
Slovenia Gornji Grad
8%
Slovenia Gornji Petrovci
8%
Slovenia Grosuplje
8%
Slovenia Hajdina
8%
Slovenia Hoče-Slivnica
8%
Slovenia Hodoš
8%
Slovenia Horjul
8%
Slovenia Hrastnik
8%
Slovenia Hrpelje-Kozina
8%
Slovenia Idrija
8%
Slovenia Ilirska Bistrica
8%
Slovenia Ivančna Gorica
8%
Slovenia Jesenice
8%
Slovenia Jezersko
8%
Saudi Arabia Jizan
8%
Slovenia Juršinci
8%
Senegal Kaffrine
8%
Slovenia Kamnik
8%
Slovenia Kanal
8%
Senegal Kaolack
8%
Senegal Kédougou
8%
Slovenia Kidričevo
8%
Slovenia Kobarid
8%
Slovenia Kobilje
8%
Slovenia Kočevje
8%
Senegal Kolda
8%
Slovenia Komen
8%
Slovenia Komenda
8%
Slovenia Kostanjevica na Krki
8%
Slovenia Kostel
8%
Slovenia Kozje
8%
Slovenia Kranjska Gora
8%
Slovenia Križevci
8%
Slovenia Krško
8%
Slovenia Kungota
8%
Slovenia Kuzma
8%
Slovenia Laško
8%
Slovenia Lenart
8%
Slovenia Lendava
8%
Slovenia Litija
8%
Slovenia Ljubno
8%
Slovenia Ljutomer
8%
Slovenia Logatec
8%
Slovenia Log-Dragomer
8%
Slovenia Loška Dolina
8%
Slovenia Loški Potok
8%
Senegal Louga
8%
Slovenia Lovrenc na Pohorju
8%
Slovenia Luče
8%
Slovenia Lukovica
8%
Slovenia Majšperk
8%
Slovenia Makole
8%
Slovenia Markovci
8%
Senegal Matam
8%
Slovenia Medvode
8%
Slovenia Mengeš
8%
Slovenia Metlika
8%
Slovenia Mežica
8%
Slovenia Miklavž na Dravskem Polju
8%
Slovenia Miren-Kostanjevica
8%
Slovenia Mirna
8%
Slovenia Mirna Peč
8%
Slovenia Mislinja
8%
Slovenia Mokronog-Trebelno
8%
Slovenia Moravče
8%
Slovenia Moravske Toplice
8%
Slovenia Mozirje
8%
Slovenia Murska Sobota
8%
Slovenia Muta
8%
Slovenia Naklo
8%
Slovenia Nazarje
8%
South Korea North Chungcheong
8%
South Korea North Gyeongsang
8%
Slovenia Novo Mesto
8%
Slovenia Odranci
8%
Slovenia Oplotnica
8%
Slovenia Ormož
8%
Slovenia Osilnica
8%
Slovenia Pesnica
8%
Slovenia Pivka
8%
Slovenia Podčetrtek
8%
Slovenia Podlehnik
8%
Slovenia Podvelka
8%
Slovenia Poljčane
8%
Slovenia Polzela
8%
Slovenia Prebold
8%
Slovenia Preddvor
8%
Slovenia Prevalje
8%
Slovenia Ptuj
8%
Slovenia Puconci
8%
Slovenia Rače-Fram
8%
Slovenia Radeče
8%
Slovenia Radenci
8%
Slovenia Radlje ob Dravi
8%
Slovenia Radovljica
8%
Slovenia Ravne na Koroškem
8%
Slovenia Razkrižje
8%
Slovenia Rečica ob Savinji
8%
Slovenia Renče-Vogrsko
8%
Slovenia Ribnica
8%
Slovenia Ribnica na Pohorju
8%
Slovenia Rogaška Slatina
8%
Slovenia Rogašovci
8%
Slovenia Rogatec
8%
Slovenia Ruše
8%
Senegal Saint-Louis
8%
Seychelles Saint Louis
8%
Slovenia Šalovci
8%
Senegal Sédhiou
8%
Slovenia Selnica ob Dravi
8%
Slovenia Semič
8%
Slovenia Šempeter-Vrtojba
8%
Slovenia Šenčur
8%
Slovenia Šentilj
8%
Slovenia Šentjernej
8%
Slovenia Šentjur
8%
Slovenia Šentrupert
8%
Slovenia Sevnica
8%
Slovenia Škocjan
8%
South Korea South Chungcheong
8%
South Korea South Gyeongsang
8%
Senegal Tambacounda
8%
Senegal Thiès
8%
Slovakia Trenčín
8%
Slovenia Velenje
8%
Seychelles Anse aux Pins
0%
Seychelles Anse Boileau
0%
Seychelles Anse Etoile
0%
Seychelles Anse Royale
0%
Seychelles Au Cap
0%
Somalia Awdal
0%
Seychelles Baie Lazare
0%
Seychelles Baie Sainte Anne
0%
Somalia Bakool
0%
Somalia Banaadir
0%
Somalia Bari
0%
Somalia Bay
0%
Seychelles Beau Vallon
0%
Seychelles Bel Air
0%
Seychelles Bel Ombre
0%
Solomon Islands Capital Territory
0%
Seychelles Cascade
0%
Singapore Central Singapore
0%
Seychelles English River
0%
Somalia Galguduud
0%
Somalia Gedo
0%
Seychelles Glacis
0%
Seychelles Grand'Anse
0%
Seychelles Grand'Anse Praslin
0%
Solomon Islands Guadalcanal
0%
Somalia Hiran
0%
Solomon Islands Isabel
0%
Seychelles La Digue and Inner Islands
0%
Seychelles Les Mamelles
0%
Somalia Lower Juba
0%
Somalia Lower Shebelle
0%
Seychelles Mahe
0%
Solomon Islands Makira-Ulawa
0%
Solomon Islands Malaita
0%
Somalia Middle Juba
0%
Somalia Middle Shebelle
0%
Seychelles Mont Buxton
0%
Seychelles Mont Fleuri
0%
Somalia Mudug
0%
Somalia Nugal
0%
Seychelles Outer Islands
0%
Seychelles Plaisance
0%
Seychelles Pointe La Rue
0%
Seychelles Port Glaud
0%
Seychelles Praslin Islands
0%
Solomon Islands Rennell and Bellona
0%
Seychelles Roche Caïman
0%
Somalia Sanaag
0%
Slovenia Škofja Loka
0%
Slovenia Škofljica
0%
Slovenia Slovenj Gradec
0%
Slovenia Slovenska Bistrica
0%
Slovenia Slovenske Konjice
0%
Slovenia Šmarje pri Jelšah
0%
Slovenia Šmarješke Toplice
0%
Slovenia Šmartno ob Paki
0%
Slovenia Šmartno pri Litiji
0%
Slovenia Sodražica
0%
Slovenia Solčava
0%
Somalia Sool
0%
Slovenia Šoštanj
0%
Slovenia Središče ob Dravi
0%
Slovenia Starše
0%
Slovenia Štore
0%
Slovenia Straža
0%
Slovenia Sveta Ana
0%
Slovenia Sveta Trojica v Slovenskih Goricah
0%
Slovenia Sveti Andraž v Slovenskih Goricah
0%
Slovenia Sveti Jurij ob Ščavnici
0%
Slovenia Sveti Jurij v Slovenskih Goricah
0%
Slovenia Svet Tomaž
0%
Slovenia Tabor
0%
Seychelles Takamaka
0%
Solomon Islands Temotu
0%
Slovenia Tišina
0%
Somalia Togdheer
0%
Slovenia Tolmin
0%
Slovenia Trbolje
0%
Slovenia Trebnje
0%
Slovenia Trnovska Vas
0%
Slovenia Tržič
0%
Slovenia Trzin
0%
Slovenia Turnišče
0%
Slovenia Velika Polana
0%
Slovenia Velike Lašče
0%
Slovenia Veržej
0%
Slovenia Videm
0%
Slovenia Vipava
0%
Slovenia Vitanje
0%
Slovenia Vodice
0%
Slovenia Vojnik
0%
Slovenia Vransko
0%
Slovenia Vrhnika
0%
Slovenia Vuzenica
0%
Somalia Woqooyi Galbeed
0%
Slovenia Zagorje ob Savi
0%
Slovenia Žalec
0%
Slovenia Zavrč
0%
Slovenia Železniki
0%
Slovenia Žetale
0%
Slovenia Žiri
0%
Slovenia Žirovnica
0%
Slovenia Zreče
0%
Slovenia Žužemberk
0%
No matching quizzes found
Score Distribution
Percent of People with Each Score
Percentile by Number Answered
Your Score History
You have not taken this quiz